Dealing with young offenders

Gespeichert in:  
Bibliographische Detailangaben
1. VerfasserIn: Seymour, John (Verfasst von)
Medienart: Druck Buch
Sprache:Englisch
Veröffentlicht: North Ryde, N.S.W. [u.a.] Law Book Co. 1988
In:Jahr: 1988
Bestand in Tübingen:In Tübingen vorhanden.
UB: KB 18 A 6690
Verfügbarkeit prüfen: HBZ Gateway
Subito Bestelldienst: Jetzt bestellen.

MARC

LEADER 00000cam a2200000 c 4500
001 1650817479
003 DE-627
005 20251225205711.0
007 tu
008 900611s1988 xx ||||| 00| ||eng c
020 |a 0455207933  |9 0-455-20793-3 
035 |a (DE-627)1650817479 
035 |a (DE-576)02068083X 
035 |a (DE-599)BSZ02068083X 
035 |a (OCoLC)29006054 
040 |a DE-627  |b ger  |c DE-627  |e rakwb 
041 |a eng 
082 0 |a 345.94/08 
100 1 |a Seymour, John  |0 (DE-627)1233050443  |0 (DE-576)163050449  |4 aut 
109 |a Seymour, John  |a Seymour, John A. 
245 1 0 |a Dealing with young offenders  |c by John Seymour 
264 1 |a North Ryde, N.S.W. [u.a.]  |b Law Book Co.  |c 1988 
300 |a XXXI, 495 S. 
336 |a Text  |b txt  |2 rdacontent 
337 |a ohne Hilfsmittel zu benutzen  |b n  |2 rdamedia 
338 |a Band  |b nc  |2 rdacarrier 
583 1 |a Archivierung prüfen  |c 20200919  |f DE-640  |z 2  |2 pdager 
951 |a BO 
ELC |b 1 
LOK |0 000 xxxxxcx a22 zn 4500 
LOK |0 001 3339374481 
LOK |0 003 DE-627 
LOK |0 004 1650817479 
LOK |0 005 20151021130749 
LOK |0 008 900611||||||||||||||||ger||||||| 
LOK |0 040   |a DE-21  |c DE-627  |d DE-21 
LOK |0 852   |a DE-21 
LOK |0 852 1  |c KB 18 A 6690  |9 00 
LOK |0 935   |a krim 
LOK |0 939   |a 11-06-90  |b l01 
ORI |a SA-MARC-krimdoka001.raw 
SIG |a UB: KB 18 A 6690